000 00637nam a22001697a 4500
003 UA-OsUOA
001 15678
007 ta
008 20031202b un ||||| |||| 00| 0 ukr d
942 _cSA
040 _aUA-OsUOA
_cUA-OsUOA
_dUA-OsUOA
245 _aНаш земляк - Герой України: [Про В. І. Козявкіна - Героя України, заслуж. діяча науки і техніки України, який родом з Рівненщини]
300 _aС.4
955 _a0
773 0 _w0
_tВільне слово
_dРівне
_d2003
_g№95/28 листоп./
650 7 _aЗнатні люди
_2UDC
999 _c301843
_d301843